| 000 | 00763nam a22002297a 4500 | ||
|---|---|---|---|
| 005 | 20170124105936.0 | ||
| 010 | _a846420 | ||
| 020 |
_c35.00 _a0706905033 |
||
| 035 | _a846420 | ||
| 037 | _bCen Lib/Ret | ||
| 040 |
_aDPL _bEN |
||
| 082 |
_a355.953 _bMAS |
||
| 100 |
_aNarayan, B.K. _973502 |
||
| 245 |
_aLessons and consequences of the october war / _cB,.K. Narayan |
||
| 260 |
_aNew Delhi _bVikas Publishing House Pvt. Ltd. _c1977 |
||
| 270 |
_a5 Ansari Road _bNew Delhi _e110002 |
||
| 300 |
_avii,95p. : _c20cm(Hb) _bill. |
||
| 500 | _aIncludes Bibliographical references and index, | ||
| 650 |
_aIsrael-Arab War, 1973 -- Influence. _973503 |
||
| 650 |
_aInfluence (Literary, artistic, etc.) _973504 |
||
| 942 |
_2ddc _cEN _h355.953 _mNAR |
||
| 999 |
_c124235 _d124235 |
||